Surviving the Fatal Click : (Record no. 61967)
[ view plain ]
| 000 -LEADER | |
|---|---|
| fixed length control field | 00585nam a22001697a 4500 |
| 005 - DATE AND TIME OF LATEST TRANSACTION | |
| control field | 20180721154700.0 |
| 008 - FIXED-LENGTH DATA ELEMENTS--GENERAL INFORMATION | |
| fixed length control field | 120204t xxu||||| |||| 00| 0 eng d |
| 020 ## - INTERNATIONAL STANDARD BOOK NUMBER | |
| International Standard Book Number | 0333935373 |
| Terms of availability | 198.00 |
| 035 ## - SYSTEM CONTROL NUMBER | |
| System control number | B-60476 |
| 040 ## - CATALOGING SOURCE | |
| Original cataloging agency | DPL |
| Language of cataloging | ENG |
| 100 ## - MAIN ENTRY--PERSONAL NAME | |
| Personal name | Agarwala, Kamlesh N. |
| 9 (RLIN) | 40806 |
| 245 ## - TITLE STATEMENT | |
| Title | Surviving the Fatal Click : |
| Remainder of title | What to do when viruses seize your computer / |
| Statement of responsibility, etc | by Kamlesh N. Agarwala and Deeksha Agarwala |
| 260 ## - PUBLICATION, DISTRIBUTION, ETC. (IMPRINT) | |
| Place of publication, distribution, etc | Delhi |
| Name of publisher, distributor, etc | Macmillan India Ltd. |
| Date of publication, distribution, etc | 2001 |
| 300 ## - PHYSICAL DESCRIPTION | |
| Extent | xii, 267p. |
| Dimensions | 18 cms. |
| 700 ## - ADDED ENTRY--PERSONAL NAME | |
| Personal name | Agarwala, Deeksha |
| 9 (RLIN) | 40807 |
| 942 ## - ADDED ENTRY ELEMENTS (KOHA) | |
| Source of classification or shelving scheme | Dewey Decimal Classification |
| Item type | English Books |
| Classification part | 005.8 |
| Call number suffix | AGA |
| Withdrawn status | Lost status | Source of classification or shelving scheme | Damaged status | Not for loan | Collection code | Home library | Current library | Shelving location | Date acquired | Cost, normal purchase price | Total Checkouts | Full call number | Barcode | Date last seen | Cost, replacement price | Koha item type |
|---|---|---|---|---|---|---|---|---|---|---|---|---|---|---|---|---|
| Dewey Decimal Classification | Non-fiction | Sarojini Nagar | Sarojini Nagar | General Stacks | 04/02/2012 | 198.00 | 005.8 AGA | B-060476 | 04/02/2012 | 198.00 | English Books |
